00499nam a2200157Ia 45000010006000000050017000060080041000230410008000640820032000721000042001042450136001462600009002823000034002916500008003256540008003332009120260306172740.0260306t2013||||xx |||||||||||||| ||spa|| aESP a342.211bP35 T. 4 V. 3 L. 1 aPeces-Barba Martínez, GregorioeAUT 0aHistoria de los derechos fundamentales. Tomo IV:bsiglo XX: Volumen 3: libro 1. El reconocimiento universal de los derechos humanos c2013 axxvi, 781 páginas :c24 cm. aGEN aCDE